00925cam a22002774a 45000010009000000050017000090080041000260100017000670200015000840200022000990400018001210420008001390430012001470500026001590820016001851000017002012450084002182600048003023000025003504900035003755040051004106500044004616500045005056500045005508300052005951185360320190310020050.0991201s2000 nyu b 001 0 eng  a 99088478  a0807739553 a0807739545 (pbk.) aDLCcDLCdDLC apcc an-us---00aLC1099.3 b.G393 200000a370.1172211 aGay, Geneva.10aCulturally responsive teaching :btheory, research, and practice /cGeneva Gay. aNew York :bTeachers College Press,cc2000. axx, 251 p. ;c24 cm.1 aMulticultural education series aIncludes bibliographical references and index. 0aMulticultural educationzUnited States. 0aEducational equalizationzUnited States. 0aTeachingxSocial aspectszUnited States. 0aMulticultural education series (New York, N.Y.)